| 000 | 00430nam a2200145 i 4500 | ||
|---|---|---|---|
| 001 | 32546 | ||
| 003 | ES-MaACL | ||
| 007 | t| | ||
| 008 | 030131s1930 xxk ||||1| eng d | ||
| 100 | 1 |
_aBernstein, Eduard. _928357 |
|
| 245 | 1 | 0 |
_aCromwell and communism, socialism and democracy in the great revolution / _cEduard Bernstein. |
| 260 |
_aLondon : _bGeorge Allen, _c1930. |
||
| 300 |
_a288 p. ; _c22 cm. |
||
| 852 |
_aES-MaACL _jB-7241 |
||
| 999 |
_c32546 _d32546 |
||